LEADER 02471oam 2200505 450 001 9910467567303321 005 20210803113138.0 010 $a1-63550-209-8 035 $a(CKB)4100000009823587 035 $a(MiAaPQ)EBC5971232 035 $a(PPN)243233744 035 $a(EXLCZ)994100000009823587 100 $a20191127d2021 uy 0 101 0 $aeng 135 $aurcn#|||||||| 181 $ctxt$2rdacontent 181 $csti$2rdacontent 182 $cc$2rdamedia 183 $acr$2rdacarrier 200 10$aAssessment in speech-language pathology $ea resource manual /$fKenneth G. Shipley, Julie G. McAfee 205 $aSixth edition. 210 1$aSan Diego, California :$cPlural Publishing, Inc.,$d[2021] 210 4$dİ2021 215 $a1 online resource (713 pages) $cillustrations (chiefly colour) 311 $a1-63550-204-7 320 $aIncludes bibliographical references and index. 327 $aFoundations of assessment -- Multicultural considerations -- Obtaining preassessment information -- Reporting assessment findings -- Assessment procedures common to most communicative disorders -- Assessment of speech sound disorders -- Assessment of spoken language in children -- Assessment of written language -- Assessment of selective mutism -- Assessment for autism spectrum disorder and social communication disorder -- Assessment for augmentative or alternative communication (AAC) -- Assessment of stuttering and cluttering -- Assessment of voice and resonance -- Assessment of acquired neurogenic language disorders -- Assessment of acquired neurogenic speech disorders -- Assessment of dysphagia -- Hearing considerations -- Medical diagnoses associated with communicative disorders 330 $aThe book covers the diagnosis and evaluation of a wide range of communication disorders in adults and children. 606 $aCommunicative disorders$xDiagnosis 606 $aSpeech disorders$xDiagnosis 606 $aLanguage disorders$xDiagnosis 608 $aElectronic books. 615 0$aCommunicative disorders$xDiagnosis. 615 0$aSpeech disorders$xDiagnosis. 615 0$aLanguage disorders$xDiagnosis. 676 $a616.855 700 $aShipley$b Kenneth G.$0924642 702 $aMcAfee$b Julie G. 801 0$bMiAaPQ 801 1$bMiAaPQ 801 2$bMiAaPQ 906 $aBOOK 912 $a9910467567303321 996 $aAssessment in speech-language pathology$92075508 997 $aUNINA LEADER 00850nam0-22002771i-450 001 990001302060403321 005 20221123102016.0 035 $a000130206 035 $aFED01000130206 035 $a(Aleph)000130206FED01 100 $a20161109d1968----km-y0itay50------ba 101 0 $ager 102 $aAU 200 1 $a<>Wahrheitsproblem und die Idee der Semantik$eEine Einfuhrung in die Theorien von A. Tarski und R. Carnap$fvon Stegmuller Wolfgang 210 $aWien ; New York$cSpringer$d1968 676 $a149.9$v23$zita 700 1$aStegmuller,$bWolfgang$050736 801 0$aIT$bUNINA$gREICAT$2UNIMARC 901 $aBK 912 $a990001302060403321 952 $a11-M-10$b14075$fMA1 952 $aXI I 52$b85990$fFGBC 959 $aMA1 959 $aFGBC 996 $aWahrheitsproblem und die Idee der Semantik$9340055 997 $aUNINA